Welcome to CU Library Online Public Access Catalogue (OPAC)

The business writer's handbook / (Record no. 9699)

MARC details
000 -LEADER
fixed length control field 01140cam a22003014a 4500
001 - CONTROL NUMBER
control field 12659461
005 - DATE AND TIME OF LATEST TRANSACTION
control field 20260428121536.0
008 - FIXED-LENGTH DATA ELEMENTS--GENERAL INFORMATION
fixed length control field 020128s2003 nyua bf 001 0 eng
020 ## - INTERNATIONAL STANDARD BOOK NUMBER
International Standard Book Number 0312309228
Qualifying information hbk.
020 ## - INTERNATIONAL STANDARD BOOK NUMBER
International Standard Book Number 0312393245
Qualifying information pbk.
020 ## - INTERNATIONAL STANDARD BOOK NUMBER
International Standard Book Number 9780312309220
Qualifying information (hbk.)
020 ## - INTERNATIONAL STANDARD BOOK NUMBER
International Standard Book Number 9780312393243
Qualifying information (pbk.)
050 00 - LIBRARY OF CONGRESS CALL NUMBER
Classification number HF5726
Item number .B874 2003
082 00 - DEWEY DECIMAL CLASSIFICATION NUMBER
Classification number 651.7/03
Edition information 22
100 1# - MAIN ENTRY--PERSONAL NAME
Personal name Alred, Gerald J.
245 14 - TITLE STATEMENT
Title The business writer's handbook /
Statement of responsibility, etc. Gerald J. Alred, Charles T. Brusaw, Walter E. Oliu.
250 ## - EDITION STATEMENT
Edition statement 7th ed.
260 ## - PUBLICATION, DISTRIBUTION, ETC.
Place of publication, distribution, etc. New York :
Name of publisher, distributor, etc. St. Martin's Press,
Date of publication, distribution, etc. c2003.
300 ## - PHYSICAL DESCRIPTION
Extent xxvi, 653 p. :
Other physical details ill. ;
Dimensions 22 cm.
500 ## - GENERAL NOTE
General note Issues for 2006- cataloged as a serial in LC.
Institution to which field applies DLC
650 #0 - SUBJECT ADDED ENTRY--TOPICAL TERM
Topical term or geographic name entry element Business writing
Form subdivision Handbooks, manuals, etc.
700 1# - ADDED ENTRY--PERSONAL NAME
Personal name Brusaw, Charles T.
700 1# - ADDED ENTRY--PERSONAL NAME
Personal name Oliu, Walter E.
856 42 - ELECTRONIC LOCATION AND ACCESS
Materials specified Contributor biographical information
Uniform Resource Identifier <a href="http://www.loc.gov/catdir/bios/hol052/2002101243.html">http://www.loc.gov/catdir/bios/hol052/2002101243.html</a>
856 42 - ELECTRONIC LOCATION AND ACCESS
Materials specified Publisher description
Uniform Resource Identifier <a href="http://www.loc.gov/catdir/description/hol041/2002101243.html">http://www.loc.gov/catdir/description/hol041/2002101243.html</a>
856 41 - ELECTRONIC LOCATION AND ACCESS
Materials specified Table of contents
Uniform Resource Identifier <a href="http://www.loc.gov/catdir/toc/fy041/2002101243.html">http://www.loc.gov/catdir/toc/fy041/2002101243.html</a>
942 ## - ADDED ENTRY ELEMENTS (KOHA)
Source of classification or shelving scheme Library of Congress Classification
Koha item type Books
Suppress in OPAC No
999 ## -
-- 9699
-- 9699
Holdings
Withdrawn status Lost status Source of classification or shelving scheme Damaged status Not for loan Collection Home library Current library Shelving location Date acquired Total checkouts Full call number Barcode Date last seen Copy number Price effective from Koha item type
    Library of Congress Classification     Non-fiction Business Library (Miotso) Business Library (Miotso) General stacks 04/28/2026   HF5726 .B874 2003 BSSM00004017 04/28/2026 1 04/28/2026 Books
    Library of Congress Classification     Non-fiction Business Library (Miotso) Business Library (Miotso) General stacks 04/28/2026   HF5726 .B874 2003 BSSM00004018 04/28/2026 2 04/28/2026 Books
© 2023-2024 Copyright: Central University Libraries. All Rights Reserved | Created by: Mahone Tech Office